000 00429nam a2200145Ia 4500
008 210210b1990 xxu||||| |||| 00| 0 eng d
020 _a0 7069 5233 2
082 _a307.72 AGRR
100 _aAGRAWAL (A N) and LAL (Kundan).
245 _aRural economy of India, problems, progress and prospects.
260 _aNew Delhi.
_bVikas Publishing House Pvt Ltd.,
_c1990
300 _a403
690 _aRural Sociology
906 _a045189
999 _c94192
_d94192